000 01103nam a2200325Ia 4500
001 Para_9378
003 CHAP
008 220125s2007 xx 000 0 und d
010 _a208075
040 _cCHAP
090 _aTESIS 2120
100 _aRomero Rosales, Teolincacihuatl
_999663
245 _aHistopatología del tizón foliar inducido por Septoria tritici Roberge in Desmaz. en trigo (Triticum aestivum L.) cultivar Kauz /
_c por Teolincacihuatl Romero Rosales
260 _aChapingo, Méx. :
_b el autor
300 _a65 h.
502 _aTesis (M.C. Protección Vegetal) UACh. Departamento Parasitología Agrícola
650 _aFitopatología
_941161
650 _aHistopatología
_955596
650 _aSeptoria tritici
_9104503
650 _aTrigo
_x enfermedades por hongos
_9115018
650 _aTriticum
_9115236
710 _aUACh. Departamento Parasitología Agrícola
_9164025
901 _aTESIS 2120
902 _aM
905 _a0000002007 an 0000000000 00
910 _a2007
942 _cPARA
942 _cPARA
_d2
999 _c208075
_d208075